MARC
LEADER
00000nam0a2200000 4500
001
356332
005
20231102010901.0
035
|a (RuTPU)RU\TPU\retro\13592
090
|a 356332
100
|a 20200717d1963 k y0rusy50 ca
101
0
|a rus
102
|a RU
105
|a af z 000zy
200
1
|a Опыт проведения гидрогеохимических исследований в Забайкалье
|e [оттиск статьи]
|f П. А. Удодов
210
|a Томск
|c Изд-во Томского ун-та
|d 1963
215
|a С. 83-89
|c ил.
225
1
|a Известия Томского Политехнического Института
|v Т. 121
300
|a Представлено кафедрой гидрогеологии и инженерной геологии
320
|a Библиогр.: с. 89
606
1
|a Гидрогеохимия
|2 stltpush
|3 (RuTPU)RU\TPU\subj\6645
|9 34475
610
1
|a коллекция ТПУ
610
1
|a труды учёных ТПУ
610
1
|a оттиски
610
1
|a полевые работы
610
1
|a гидрогеохимические условия
610
1
|a физико-географические факторы
610
1
|a геолого-гидрогеологические условия
610
1
|a геохимические свойства
610
1
|a методики
610
1
|a съемка
675
|a 550.46
|v 4
700
1
|a Удодов
|b П. А.
|c геохимик
|c профессор Томского политехнического института
|f 1903-1981
|g Павел Афанасьевич
|2 stltpush
|3 (RuTPU)RU\TPU\pers\9241
801
1
|a RU
|b 63413507
|c 20200717
942
|c BK